000 00863nac a22002291u 4500
010 _a 94014013
020 _a0126912653
082 0 0 _a621.4023
_bTIL
090 _c7582
_d7582
100 _aTillman, David A.
245 1 0 _aTrace metals in combustion systems /
_cby David A. Tillman.
260 _aSan Diego :
_bAcademic Press,1994
_cc1994.
300 _ax, 276 p. :
_bill. ;
_c24 cm.
500 _adistributer: Al-Ahram
504 _aIncludes bibliographical references and index.
511 _acatalogued by: wessam
650 0 _aMetals
_xEnvironmental aspects.
650 0 _aFlue gases
_xPurification.
856 4 2 _3Publisher description
_uhttp://www.loc.gov/catdir/description/els032/94014013.html
856 4 2 _3Table of contents
_uhttp://www.loc.gov/catdir/toc/els032/94014013.html
942 _cBB
_k621.4023TIL
999 _c7582
_d7582